Problém autenticity človeka

Bibliographic Details
Main Author: Takáč, Anton (Author)
Format: Article
Language:Slovak
ISSN:0862-5999
Subjects:

MARC

LEADER 00000nab a2200000 a 4500
001 vtls000745252
003 SK-MaSNL
005 20260304212552.0
008 140422c2000 xo 0 slo
015 |a SNBRB2001/01-04124 
035 |a CLN000097086 
040 |a SNKBUCL  |b slo  |c SNKBUCL  |e AACR2 
041 0 |a slo 
044 |a xo  |c SK 
080 |a 141.333(048)  |2 1997 
080 |a 572(048)  |2 1997 
100 1 |a Takáč, Anton  |4 aut  |9 8248 
245 1 0 |a Problém autenticity človeka  |c Anton Takáč 
650 0 7 |a človek  |2 snkbucl  |9 16150 
650 0 7 |a filozofická antropológia  |2 snkbucl  |9 2075 
650 0 7 |a autenticita (filozofia)  |2 snkbucl  |9 466098 
655 7 |a články z novín a časopisov  |2 snkbucl  |9 267496 
655 7 |a recenzie  |2 snkbucl  |9 21907 
773 0 |t Literárny týždenník  |g Roč. 13, č. 43 (2000), s. 10  |x 0862-5999 
787 0 8 |i Rec.:  |a Klimeková, Anna, 1949-  |t Filozofická antropológia  |d Prešov : [Privatpress], 1999  |z 8096705377 
850 |a Slovenská národná knižnica v Martine 
852 |a SNK  |b KIS3GCP 
958 |a RC 
992 |a RBX 
999 |c 3131985  |d 3133915